000 00862nam a22002177a 4500
003 UA-OsUOA
001 77254
007 ta
008 20110906b un ||||| |||| 00| 0 ukr d
100 _aЛащук О.Р.
090 _a659
_bЛ32
942 _cSA
040 _aUA-OsUOA
_brus
_cUA-OsUOA
_dUA-OsUOA
245 _aРедакторская обработка факта как корректное отражение действительности в медиатексте
300 _aС.8-19
955 _a0
041 _arus
080 _a659
773 0 _w77253
_tВестник Московского университета. Серия 10. Журналистика
_dМ.
_d2011
_g2
650 7 _a659 Реклама. Система інформації. Громадська інформація та реклама (Паблик-Рилейшнз)
_2UDC
999 _c363562
_d363562